On This Day: September 5th Quiz Stats

Quiz Updated Sep 5, 2017

Challenge
Share
Tweet
Embed
Score 0/7 Timer 03:00
0 Plays Today
Question Answer Wrong Answers
This British singer-songwriter, the lead vocalist of the rock band Queen, is born.
1946
Freddie Mercury
91.7%
Brian May
1.3%
David Bowie
3.5%
George Michael
2.2%
A Palestinian terrorist group called Black September attacks and takes hostage 11 Israeli athletes at the ______ Olympic Games.
1972
Munich
90.3%
Mexico City
3.1%
Montreal
3.6%
Tokyo
1.6%
The First Continental Congress assembles in this city.
1774
Philadelphia
83%
New York
6.8%
Boston
7.9%
Charlestown
2.2%
The first Oswald the Lucky Rabbit cartoon, ‘Trolley Troubles’, produced by ______, is released by Universal Pictures.
1927
Walt Disney
78.3%
A. A. Milne
5.4%
Charles Mintz
11%
Carl Barks
4.1%
The first United States ______ Day parade is held in New York City.
1882
Labor
75.5%
Patriot
2.6%
Memorial
19.8%
Harvest
1.5%
The first legal ______ pass in American football is thrown by Bradbury Robinson of St. Louis University to teammate Jack Schneider in a 22–0 victory over Carroll College.
1906
Forward
61.6%
Backward
8.5%
Lateral
20.6%
Underhand
8.4%
This man is elected as the first president of the Republic of Texas.
1836
Sam Houston
60.4%
Stephen F. Austin
31.6%
Davy Crockett
4.7%
William B. Travis
3%

Today's Daily Dose

You're not logged in!

Compare scores with friends on all Sporcle quizzes.
Sign Up with Email
OR
Log In

You Might Also Like...

Show Comments

Extras

Top Quizzes Today


Score Distribution

Your Account Isn't Verified!

In order to create a playlist on Sporcle, you need to verify the email address you used during registration. Go to your Sporcle Settings to finish the process.